| 000 | 00932fam a2200289 a 4500 | ||
|---|---|---|---|
| 005 | 20260322212007.0 | ||
| 008 | data | ||
| 010 | _a 96052535 | ||
| 020 | _a0385484518 | ||
| 020 | _a9780385484510 | ||
| 040 |
_aDLC _cDLC _dDLC |
||
| 043 |
_an-us--- _an-us--- |
||
| 050 | 0 | 0 |
_aLD571.B418 _bS383 1997 |
| 092 | _a378.1 A339 1997 | ||
| 100 | 1 |
_aAlbom, Mitch, _d1958- |
|
| 245 | 1 | 0 |
_aTuesdays with Morrie : _ban old man, a young man, and life's greatest lesson / _cMitch Albom. |
| 250 | _a1st ed. | ||
| 260 |
_aNew York : _bDoubleday, _cc1997. |
||
| 300 |
_a192 p. ; _c19 cm. |
||
| 500 | _aLibrary has: 2 copies | ||
| 600 | 1 | 0 | _aSchwartz, Morris S. |
| 610 | 2 | 0 |
_aBrandeis University _xFaculty _vBiography. |
| 650 | 0 |
_aAmyotrophic lateral sclerosis _xPatients _zUnited States _vBiography. |
|
| 650 | 0 |
_aTeacher-student relationships _zUnited States _vCase studies. |
|
| 650 | 0 |
_aDeath _xPsychological aspects _vCase studies. |
|
| 001 | data | ||
| 999 |
_c127 _d127 |
||